000 00418nam a22001697a 4500
005 20180411150150.0
008 160625b xxu||||| |||| 00| 0 eng d
020 _a81-7188-409-1
041 _aeng
082 _b10077
_a338.954
100 _aGuartney, James
_92778
245 _aEconomic Freedom of the World 2004
260 _bAcademic Foundation
_c2004
300 _a169
650 _aManagement
_9241
942 _cBK
999 _c4015
_d4014